000
00289nam a22001337a 4500
008
170911b xxu||||| |||| 00| 0 eng d
020
_a
9780486652276
041
_a
eng
080
_2
3RD
_a
53
100
_a
43
101
_a
FIZ
245
_a
THEORETICAL PHYSICS
_c
JOOS,G
942
_2
udc
_c
BK
999
_c
27172
_d
27172